Statystyki dla 7- Zakupy: część 2/4

Kliknij tutaj aby rozwiązać quiz!

Ogólne statystyki

  • Ten quiz został rozwiązany 11 razy
  • Średni wynik to 11 z 45

Statystyki odpowiedzi

HintOdpowiedź% Poprawnych
cenaprice
80%
sprzedażsale
80%
ofertaoffer
70%
kredytcredit
60%
pełna cenafull price
60%
połowa cenyhalf price
60%
Pocztapost office
60%
złamanybroken
50%
kupowaniebuying
50%
kosztcost
50%
sprzedawanieselling
50%
wymianaexchange
40%
finansefinance
40%
na sprzedażfor sale
40%
salon pięknościbeauty salon
30%
myjnia samochodowacar wash
30%
resztachange
30%
lotflight
30%
Zapłatapayment
30%
usługiservices
30%
specjalne ofertyspecial offers
30%
różnicadifference
20%
dobragoods
20%
paragonreceipt
20%
zwrotreturn
20%
kwota/ilośćamount
10%
okazjabargain
10%
dostać jedną sztukę za darmoget one free
10%
salon fryzjerskihairdresser's
10%
używanysecond hand
10%
pośrednicy biur podróżytravel agent's
10%
za pół cenyat half price
0%
Zwrot pieniędzycash refund
0%
rabatdiscount
0%
karta rabatowadiscount card
0%
pralnia chemicznadry cleaner's
0%
wymianaexchanging
0%
odzyskać pieniądzeget money back
0%
karta stałego Klientaloyalty card
0%
w ofercie specjalnejon special offer
0%
fotografphotographer's
0%
obniżkareduction
0%
zwrot pieniędzyrefund
0%
zwracaniereturning
0%
specjalna ofertaspecial deal
0%

Rozkład punktacji

Percentyl według liczby udzielonych odpowiedzi

Procent ludzi z każdym wynikiem

Twoja historia wyników

Nie rozwiązałeś tego quizu